00452nam a2200157Ia 4500008004100000020001600041040001100057050001100068100001900079245007400098260005300172300001800225500002100243650001300264999001700277100603 1977xxua er | 01 eng|d a0801816353x aABU Za aRA 576 aLave,Lester B. 0aAir pollution and human health /cLester B. Lave and Eugene P. Seskin aBaltimore:bJohns Hopkins University Pressc1977 axx,368p.: ill aIncludes indexes amedicine c61585d61585